[Event "SVK-chT4 A21 2122"]
[Site "Slovakia"]
[Date "2021.10.31"]
[Round "2.3"]
[White "Zverka, Peter Samuel"]
[Black "Mraz, Jan"]
[Result "1-0"]
[WhiteElo "1551"]
[BlackElo "1616"]
[PlyCount "67"]
[EventDate "2021.10.17"]
[EventType "team-tourn"]
[EventRounds "11"]
[EventCountry "SVK"]
[SourceTitle "EXT 2023"]
[Source "ChessBase"]
[SourceDate "2022.10.05"]
[SourceVersion "1"]
[SourceVersionDate "2022.10.05"]
[SourceQuality "1"]
[WhiteTeam "Borsky Mikulas"]
[BlackTeam "Gbely Nafta II"]
[WhiteTeamCountry "SVK"]
[BlackTeamCountry "SVK"]

1. e4 e6 2. d4 b6 3. Nf3 Bb7 4. Nc3 d6 5. Bd3 g6 6. Bg5 Be7 7. Bxe7 Qxe7 8. Qd2 Nd7 9. Nb5 Ndf6 10. Qc3 c6 11. Na3 Nh6 12. Qd2 Nhg8 13. 0-0-0 0-0-0 14. Nc4 Nd7 15. e5 dxe5 16. dxe5 f6 17. Nd6+ Kb8 18. Nxb7 Kxb7 19. Be4 Kc7 20. Qd6+ Qxd6 21. exd6+ Kb7 22. Nd4 Ne5 23. f4 f5 24. fxe5 fxe4 25. Nxe6 Rd7 26. Ng5 Nh6 27. e6 Rdd8 28. Nxe4 Nf5 29. e7 Rd7 30. g4 Ne3 31. Nf6 Nxd1 32. Nxd7 Kc8 33. Nf6 Nf2 34. Rf1 1-0

[Event "SVK-ch U14 rapid"]
[Site "Nitra"]
[Date "2021.09.11"]
[Round "2"]
[White "Zverka, Peter Samuel"]
[Black "Havalda, Samuel"]
[Result "0-1"]
[WhiteElo "1304"]
[BlackElo "1572"]
[PlyCount "64"]
[EventDate "2021.09.11"]
[EventType "swiss (rapid)"]
[EventRounds "7"]
[EventCountry "SVK"]
[SourceTitle "EXT 2023"]
[Source "ChessBase"]
[SourceDate "2022.10.05"]
[SourceVersion "1"]
[SourceVersionDate "2022.10.05"]
[SourceQuality "1"]

1. e4 e5 2. Nf3 Nc6 3. d4 f5 4. d5 fxe4 5. dxc6 exf3 6. Qxf3 bxc6 7. Qh5+ g6 8. Qxe5+ Kf7 9. Bg5 Nf6 10. Bc4+ Kg7 11. Nd2 d5 12. Bb3 Bd6 13. Qxf6+ Qxf6 14. Bxf6+ Kxf6 15. 0-0 Ba6 16. c4 Kg7 17. Rfe1 d4 18. Ba4 c5 19. Bc6 Rad8 20. Ne4 Bxc4 21. Nxd6 Rxd6 22. Re7+ Kh6 23. Rxc7 Rb8 24. b3 Be2 25. Bf3 d3 26. Rxc5 Rbd8 27. h3 Re8 28. Rcc1 d2 29. Rcb1 d1R+ 30. Rxd1 Rxd1+ 31. Rxd1 Bxd1 32. Bxd1 Re1+ 0-1

[Event "SVK-chT5 SE-SI 1920"]
[Site "Slovakia"]
[Date "2019.11.23"]
[Round "3.5"]
[White "Zverka, Peter Samuel"]
[Black "Krakovsky, Matej"]
[Result "1-0"]
[WhiteElo "1371"]
[BlackElo "1071"]
[PlyCount "79"]
[EventDate "2019.10.19"]
[EventType "team-tourn"]
[EventRounds "14"]
[EventCountry "SVK"]
[SourceTitle "CBM 193 Extra"]
[Source "ChessBase"]
[SourceDate "2020.01.31"]
[SourceVersion "1"]
[SourceVersionDate "2020.01.31"]
[SourceQuality "1"]
[WhiteTeam "Borsky Mikulas"]
[BlackTeam "Skalica IV"]
[WhiteTeamCountry "SVK"]
[BlackTeamCountry "SVK"]

1. e4 e5 2. Nf3 Nc6 3. d4 exd4 4. Bc4 h6 5. 0-0 Bc5 6. c3 dxc3 7. Bxf7+ Kxf7 8. Qd5+ Ke8 9. Qh5+ Kf8 10. Qxc5+ d6 11. Qe3 Nf6 12. Nxc3 Kf7 13. Nd4 Nxd4 14. Qxd4 Re8 15. f4 c5 16. Qe3 b6 17. e5 d5 18. Qf3 Ne4 19. Nxe4 dxe4 20. Qxe4 Qd4+ 21. Qxd4 cxd4 22. Rd1 Rd8 23. Be3 d3 24. Rac1 Bf5 25. Rc7+ Kg6 26. Rdc1 Bg4 27. Bd2 Rd7 28. Rxd7 Bxd7 29. h3 Kf5 30. Rc7 Be6 31. b3 g5 32. g4+ Ke4 33. f5 Bg8 34. e6 a5 35. Kf2 b5 36. Bc3 h5 37. Rd7 hxg4 38. hxg4 Rc8 39. Rd4+ Ke5 40. Rc4+ 1-0

[Event "SVK-chT5 SE-SI 1920"]
[Site "Slovakia"]
[Date "2019.10.19"]
[Round "1.4"]
[White "Zverka, Peter Samuel"]
[Black "Galik, Marcel"]
[Result "1-0"]
[WhiteElo "1371"]
[BlackElo "1000"]
[PlyCount "23"]
[EventDate "2019.10.19"]
[EventType "team-tourn"]
[EventRounds "14"]
[EventCountry "SVK"]
[SourceTitle "CBM 193 Extra"]
[Source "ChessBase"]
[SourceDate "2020.01.31"]
[SourceVersion "1"]
[SourceVersionDate "2020.01.31"]
[SourceQuality "1"]
[WhiteTeam "Borsky Mikulas"]
[BlackTeam "Myjava Spartak II"]
[WhiteTeamCountry "SVK"]
[BlackTeamCountry "SVK"]

1. e4 c5 2. Nf3 Nc6 3. d4 cxd4 4. Nxd4 g6 5. Nc3 Bg7 6. Be3 d6 7. f3 e6 8. Qd2 Nge7 9. 0-0-0 0-0 10. Nxc6 Bxc3 11. Qxc3 bxc6 12. Bh6 1-0

[Event "Levice Toth Memorial"]
[Site "Levice"]
[Date "2019.08.03"]
[Round "5"]
[White "Mederly, Pavol"]
[Black "Zverka, Peter Samuel"]
[Result "1/2-1/2"]
[WhiteElo "1330"]
[BlackElo "1244"]
[PlyCount "94"]
[EventDate "2019.08.01"]
[EventType "swiss"]
[EventRounds "7"]
[EventCountry "SVK"]
[SourceTitle "EXT 2020"]
[Source "ChessBase"]
[SourceDate "2019.10.17"]
[SourceVersion "1"]
[SourceVersionDate "2019.10.17"]
[SourceQuality "1"]

1. d4 d5 2. Bf4 g6 3. Nf3 Nf6 4. h3 Bg7 5. e3 b6 6. Nbd2 c5 7. c3 c4 8. b3 b5 9. a4 Bd7 10. axb5 Bxb5 11. bxc4 Bxc4 12. Nxc4 dxc4 13. Bxc4 0-0 14. Bd3 Nd5 15. Bxb8 Qxb8 16. Rc1 Rc8 17. Qd2 Nf6 18. 0-0 a5 19. Ra1 Ra7 20. c4 Qa8 21. c5 Nd7 22. Ra3 e5 23. Bb5 exd4 24. exd4 Rd8 25. Bxd7 Rdxd7 26. Ra4 Qd8 27. Rd1 Bf8 28. c6 Rd5 29. Ne5 Bg7 30. f4 Bxe5 31. fxe5 Rc7 32. Rxa5 Rxc6 33. Rxd5 Qxd5 34. Qf4 Rc4 35. Qf3 Qxf3 36. gxf3 Kf8 37. Kf2 Ke7 38. d5 Rh4 39. Kg3 g5 40. Re1 Rd4 41. d6+ Ke6 42. Re4 Rd5 43. f4 gxf4+ 44. Kxf4 f6 45. exf6+ Kxf6 46. Re7 h6 47. Rh7 Kg6 1/2-1/2

[Event "Levice Toth Memorial"]
[Site "Levice"]
[Date "2019.08.01"]
[Round "1"]
[White "Kukan, Michal"]
[Black "Zverka, Peter Samuel"]
[Result "1-0"]
[WhiteElo "1722"]
[BlackElo "1244"]
[PlyCount "57"]
[EventDate "2019.08.01"]
[EventType "swiss"]
[EventRounds "7"]
[EventCountry "SVK"]
[SourceTitle "EXT 2020"]
[Source "ChessBase"]
[SourceDate "2019.10.17"]
[SourceVersion "1"]
[SourceVersionDate "2019.10.17"]
[SourceQuality "1"]

1. c4 e5 2. Nc3 Nf6 3. g3 d5 4. cxd5 Nxd5 5. Bg2 Be6 6. e3 Nc6 7. Nge2 f6 8. a3 Qd7 9. d4 0-0-0 10. Nxd5 Bxd5 11. e4 Bc4 12. d5 Bc5 13. Qc2 Bxe2 14. dxc6 Qd1+ 15. Qxd1 Bxd1 16. cxb7+ Kxb7 17. 0-0 Ba4 18. Re1 Bd4 19. Bf1 Kc6 20. Bc4 Rb8 21. Re2 Bb5 22. Rc2 Bxc4 23. Rxc4+ Kd6 24. Ra2 Rb5 25. b4 c5 26. Bd2 cxb4 27. Bxb4+ Bc5 28. Rd2+ Kc6 29. Rd5 1-0

[Event "SVK-ch U10"]
[Site "Liptovsky Mikulas"]
[Date "2017.04.28"]
[Round "9"]
[White "Zverka, Peter Samuel"]
[Black "Rakovsky, Jakub"]
[Result "0-1"]
[WhiteElo "1094"]
[BlackElo "1035"]
[PlyCount "86"]
[EventDate "2017.04.22"]
[EventType "swiss"]
[EventRounds "9"]
[EventCountry "SVK"]
[SourceTitle "CBM 178 Extra"]
[Source "ChessBase"]
[SourceDate "2017.06.22"]
[SourceVersion "1"]
[SourceVersionDate "2017.06.22"]
[SourceQuality "1"]

1. e4 c5 2. Nc3 d6 3. Nf3 Nc6 4. d4 cxd4 5. Nxd4 Bd7 6. Be3 g6 7. Be2 Bg7 8. f3 Qb6 9. Ne6 Bxc3+ 10. bxc3 Qxe3 11. Nc7+ Kd8 12. Nxa8 Qxc3+ 13. Kf2 Qd4+ 14. Qxd4 Nxd4 15. Bd3 Kc8 16. Rab1 Nf6 17. Ke3 Ne6 18. Nb6+ axb6 19. Rxb6 Kc7 20. Rhb1 Nc5 21. Kd4 Ra8 22. R6b2 Bc6 23. e5 Nd5 24. exd6+ Kxd6 25. Re1 Ra4+ 26. c4 Ne6+ 27. Rxe6+ fxe6 28. Be4 e5+ 29. Kd3 Ra3+ 30. Kd2 Nf4 31. g3 Bxe4 32. fxe4 Ne6 33. Rb6+ Kd7 34. Rxb7+ Nc7 35. Rb3 Kc6 36. Kc2 Kc5 37. Rb7 Na6 38. Kb2 Re3 39. Rxe7 Rxe4 40. Rxh7 Kxc4 41. Rh6 Re2+ 42. Ka3 Nb4 43. Rxg6 Rxa2# 0-1

[Event "SVK-ch U10"]
[Site "Liptovsky Mikulas"]
[Date "2017.04.26"]
[Round "7"]
[White "Zverka, Peter Samuel"]
[Black "Jurky, Marian"]
[Result "1/2-1/2"]
[WhiteElo "1094"]
[BlackElo "1180"]
[PlyCount "58"]
[EventDate "2017.04.22"]
[EventType "swiss"]
[EventRounds "9"]
[EventCountry "SVK"]
[SourceTitle "CBM 178 Extra"]
[Source "ChessBase"]
[SourceDate "2017.06.22"]
[SourceVersion "1"]
[SourceVersionDate "2017.06.22"]
[SourceQuality "1"]

1. e4 e5 2. Nf3 Nc6 3. d4 exd4 4. Bc4 d6 5. 0-0 Be7 6. Re1 Nf6 7. Nbd2 Bg4 8. Nb3 Bxf3 9. Qxf3 0-0 10. Qd3 Nb4 11. Qd2 c5 12. a3 Nc6 13. f4 d5 14. exd5 Nxd5 15. Bxd5 Qxd5 16. Qf2 c4 17. Nxd4 Qxd4 18. Qxd4 Nxd4 19. Rxe7 Nxc2 20. Rb1 Rab8 21. Be3 Nxe3 22. Rxe3 Rfe8 23. Kf2 f6 24. Rbe1 Kf7 25. Rxe8 Rxe8 26. Rxe8 Kxe8 27. Ke3 Kd7 28. Kd4 Kd6 29. Kxc4 Kc6 1/2-1/2

[Event "SVK-ch U10"]
[Site "Liptovsky Mikulas"]
[Date "2017.04.22"]
[Round "1"]
[White "Sahidi, Shabir"]
[Black "Zverka, Peter Samuel"]
[Result "0-1"]
[WhiteElo "1000"]
[BlackElo "1094"]
[PlyCount "60"]
[EventDate "2017.04.22"]
[EventType "swiss"]
[EventRounds "9"]
[EventCountry "SVK"]
[SourceTitle "CBM 178 Extra"]
[Source "ChessBase"]
[SourceDate "2017.06.22"]
[SourceVersion "1"]
[SourceVersionDate "2017.06.22"]
[SourceQuality "1"]

1. d4 Nf6 2. Nf3 g6 3. Bg5 Bg7 4. Nc3 d5 5. e3 0-0 6. h3 Bf5 7. Bd3 Bxd3 8. Qxd3 Nc6 9. a3 Qd7 10. Ne5 Qd6 11. Nxc6 Qxc6 12. Qb5 Qxb5 13. Nxb5 c6 14. Nc3 Rfe8 15. 0-0 e5 16. dxe5 Rxe5 17. Bxf6 Bxf6 18. Rfe1 Rae8 19. Re2 d4 20. Nd1 Bg5 21. f4 Bxf4 22. Kf2 Bxe3+ 23. Kf3 Bh6 24. Rxe5 Rxe5 25. c3 dxc3 26. bxc3 Kg7 27. Nf2 Re3+ 28. Kg4 f5+ 29. Kh4 Kf6 30. g4 Bg5# 0-1

[Event "Bratislava U16 op 43rd"]
[Site "Bratislava"]
[Date "2016.08.20"]
[Round "4"]
[White "Zverka, Peter Samuel"]
[Black "Cutka, Pavol"]
[Result "1-0"]
[WhiteElo "1099"]
[BlackElo "1000"]
[PlyCount "59"]
[EventDate "2016.08.19"]
[EventType "swiss"]
[EventRounds "7"]
[EventCountry "SVK"]
[SourceTitle "CBM 174 Extra"]
[Source "ChessBase"]
[SourceDate "2016.10.10"]
[SourceVersion "1"]
[SourceVersionDate "2016.10.10"]
[SourceQuality "1"]

1. e4 e5 2. Nf3 Nc6 3. Bc4 Nf6 4. Nc3 Bc5 5. d3 d6 6. 0-0 0-0 7. Bg5 Bg4 8. Nd5 Qd7 9. Bxf6 Bxf3 10. Qxf3 Nd4 11. Qd1 Qe6 12. Bg5 Rfe8 13. Be3 Nc6 14. Bxc5 dxc5 15. Nxc7 Qc8 16. Nxa8 Qxa8 17. Qf3 Na5 18. Bxf7+ Kf8 19. Bxe8+ Kxe8 20. Qh5+ Kf8 21. Qxh7 Qd8 22. Qh8+ Ke7 23. Qxd8+ Kxd8 24. f4 exf4 25. Rxf4 c4 26. dxc4 Nxc4 27. Rf7 g5 28. Rxb7 a5 29. Rf1 Nxb2 30. Rf8# 1-0

[Event "Bratislava U16 op 43rd"]
[Site "Bratislava"]
[Date "2016.08.19"]
[Round "2"]
[White "Zverka, Peter Samuel"]
[Black "Zetocha, Adrian"]
[Result "0-1"]
[WhiteElo "1099"]
[BlackElo "1757"]
[PlyCount "70"]
[EventDate "2016.08.19"]
[EventType "swiss"]
[EventRounds "7"]
[EventCountry "SVK"]
[SourceTitle "CBM 174 Extra"]
[Source "ChessBase"]
[SourceDate "2016.10.10"]
[SourceVersion "1"]
[SourceVersionDate "2016.10.10"]
[SourceQuality "1"]

1. e4 d6 2. d4 Nf6 3. Nc3 g6 4. Nf3 Bg7 5. Be3 0-0 6. Bd3 b6 7. 0-0 Bb7 8. Qd2 Ng4 9. Rfe1 Nxe3 10. Qxe3 c5 11. dxc5 bxc5 12. Rad1 Qa5 13. Qd2 Nc6 14. Ng5 Bh6 15. Qf4 c4 16. Qh4 Bxg5 17. Qg3 cxd3 18. Qxd3 Ba6 19. Qg3 Bf6 20. a3 Bxc3 21. Qxc3 Qxc3 22. bxc3 Rab8 23. Rb1 Rxb1 24. Rxb1 Rb8 25. Rxb8+ Nxb8 26. g3 Bb5 27. Kg2 Nc6 28. f4 Na5 29. g4 Nc4 30. h4 Nxa3 31. h5 Nxc2 32. hxg6 hxg6 33. f5 a5 34. fxg6 fxg6 35. Kf2 a4 0-1